[Event "Women's World Cup"]
[Site "Batumi, Georgia"]
[Date "2025.07.07"]
[Round "1.2"]
[White "Borda Rodas, Anapaola S"]
[Black "Ouellet, Maili-Jade"]
[Result "0-1"]
[Annotator "Maili-Jade Ouellet"]
[WhiteElo "2247"]
[BlackElo "2350"]
[WhiteFideId "-1"]
[BlackFideId "-1"]
[PlyCount "118"]
[GameId "2281270692021550"]
[EventDate "2025.??.??"]
[SourceTitle "Chess Canada 25"]
[Source "JohnUpper?CFC"]
[SourceDate "2025.06.29"]
[SourceVersion "1"]
[SourceVersionDate "2026.07.01"]
[SourceQuality "1"]

{This is round 1, game 2 of the Women's World Cup. Every round, a player is eliminated under this knockout format. Unfortunately, I lost the first game with White. As a result, I had to win on demand to get to playoffs and get a chance at qualifying for round 2.} 1. e4 c5 2. Nf3 Nc6 3. d4 cxd4 4. Nxd4 Nf6 5. Nc3 d6 $1 {[#] This is the Classical Sicilian. I prepared a lot for this game and based on my research, I strongly believed that my opponent did not have a lot of experience in this line. In addition, it was the first time I played it over the board and so I most likely surprised my opponent.} 6. Be2 {The third most popular continuation and most likely a good and simpler choice considering she probably was not ready for this line and did not know how to react properly.} e5 7. Nb3 Be7 8. Qd3 $5 {[#] A common idea in some Sicilan positions. In this context, it is an inaccuracy as White should focus on finishing her development. Normally, Black could equalize immediately with ...d5! Unfortunately, I am playing for a win and liquidating all the pieces in the opening would be a terrible idea.} O-O (8... d5 9. Nxd5 (9. exd5 Nb4 10. Qd1 O-O {Black has a very small edge.}) 9... Nxd5 10. exd5 Nb4 $11) 9. Nd5 $6 Nxd5 {I am very happy to trade the knights to provoke a change in pawn structure.} 10. exd5 Nb8 11. Bd2 {[#]} f5 {Expanding on the kingside.} (11... a5 12. a4 b6 13. O-O Ba6 14. c4 Nd7 $15 {was best.}) 12. Na5 $2 b6 13. Nc4 Bb7 $5 (13... Nd7 14. O-O a5 15. a4 Nc5 $17 {I should not try to capture the pawn, just stay flexible.}) 14. O-O-O Nd7 {[#]} 15. Kb1 (15. f4 exf4 $15 (15... e4 $2 16. Qa3 Bxd5 17. Bb4 $14)) 15... Qc7 {Threatening to pin the knight with ...a6 followed by placing a rook on c8.} 16. Na3 Nc5 17. Qc4 {[#] Threatening to win my knight with b4.} Qd7 (17... a6 18. b4 b5 19. Qc3 Rfb8 $1 20. bxc5 b4 $1 21. Qe3 bxa3 $19 {White's king is too weak.}) 18. Rhe1 a6 19. f4 $2 (19. Be3 $15 {White needs to reinforce the pawn on d5, activate the bishop to a better square and perhaps trade it for my strong knight on c5.}) 19... b5 20. Qb4 Bxd5 21. Be3 Qc6 22. g4 Be4 23. Ka1 Rab8 {[#] To protect the pawn and prepare ...a5 followed by ...b4.} 24. gxf5 Bxf5 25. Qd2 Be6 26. c4 b4 27. Nc2 a5 28. Bxc5 Qxc5 29. fxe5 dxe5 30. Ne3 {[#]} Bg5 $6 {I played it too fast and missed} (30... Bh4 $19 {followed by ...g5 was just game over, and White can't stop it with} 31. Rg1 {since} Bf2 $19 {is even worse.}) 31. Qd6 $1 Qxd6 32. Rxd6 {[#]} Bxe3 $4 (32... Bf7 33. Nd5 e4 $19 {another resource I misevaluated.}) 33. Rxe6 Bd4 34. c5 $8 a4 $2 (34... Bxc5 35. Rxe5 Bd6 36. Rxa5 Bxh2 $15) 35. Kb1 $2 {[#]Critical Position Which pawn to push?} (35. Bc4 Rbc8 36. c6 $11 {even though White is down a pawn, the position is equal because White's pieces are very active and the c6-pawn is very strong.}) 35... a3 $2 (35... b3 $1 36. a3 Rbc8 37. c6 (37. Bc4 Rxc5 $8 38. Rc6+ Rxc4 39. Rxc4 Rf2 $19 {editor -}) 37... Rf2 $19) 36. b3 $4 (36. Bc4 $11) 36... Rbc8 $4 (36... Bxc5 37. Rxe5 Bd4 $19 {Black is up a pawn and White's king is too weak.}) 37. c6 g6 38. Bc4 Kh8 39. Kc2 Rc7 40. Kd3 Bc3 41. Re2 Rd8+ {[#]} 42. Ke4 (42. Kc2 $11 {My material advantage is not strong enough to convert it into a win due to White's strong activity. As such, White does not need to activate her king as it becomes vulnerable to attacks.}) 42... Rd4+ 43. Kxe5 $4 Rxc4+ 44. Kd5 Rd4+ 45. Kc5 {[#] Critical Position The king's activity and the strong c6 passed pawn seem good enough for a draw if not a win. However, White missed...} Rdd7 $3 {The only winning move. The idea is to keep the c7-square under control and protect the rook on c7 without losing a tempo. It also prevents any rook trades by covering the 7th rank.} (45... Rf4 46. Re8+ Kg7 47. R2e7+ Rxe7 48. Rxe7+ Kf6 49. c7 Kxe7 50. c8=Q $11 {this was Black's second best line. According to the engine, it is equal, but of course any result is still possible.}) 46. Rd6 Rf7 47. Re8+ Kg7 48. Rdd8 Kh6 49. Rc8 Bd2 50. Rxc7 Rxc7 51. Kb6 Bf4 52. Re4 g5 {[#]} 53. h3 (53. Rxf4 $2 Rxc6+ 54. Kxc6 gxf4 $19 {and the f-pawn will promote.}) 53... Rf7 54. Rxb4 Kh5 55. Rc4 Kh4 56. b4 Kxh3 57. Rc3+ Kh4 58. Rxa3 g4 59. Rc3 g3 {White cannot prevent the g-pawn from promoting. My opponent resigned and I scored 2-0 in playoffs to qualify for round 2 against GM Vaishali Rameshbabu.} 0-1

[Event "Quebec Invitational"]
[Site "?"]
[Date "2025.08.16"]
[Round "2"]
[White "Migot, Tangi"]
[Black "Ouellet, Maili-Jade"]
[Result "0-1"]
[Annotator "Maili-Jade Ouellet"]
[WhiteElo "2344"]
[BlackElo "2331"]
[WhiteFideId "-1"]
[BlackFideId "-1"]
[PlyCount "150"]
[GameId "2281270692009258"]
[EventDate "2025.??.??"]
[EventType "tourn"]
[SourceTitle "Chess Canada 25"]
[Source "JohnUpper?CFC"]
[SourceDate "2025.06.29"]
[SourceVersion "1"]
[SourceVersionDate "2026.07.01"]
[SourceQuality "1"]

{This is round 2 of the Quebec Invitational, a tournament with 10 players.} 1. e4 c5 2. Nf3 Nc6 3. d3 {This move surprised me. I expected him to go for either the Open Sicilian or the Rossolimo. Despite this surprise, I do not believe my opponent was well prepared. I am not sure what he expected me to play exactly, but I think he opted for this sideline just to avoid my preparation.} e6 4. g3 d5 5. Qe2 Nf6 6. Bg2 {[#] Here Black can develop normally with ...e7, castle, and start an attack on the queenside. However, I was in a fighting mood that day and thought} b6 {following by long-side castle would lead to a more double-edged game.} 7. O-O h6 $6 {[#] Too slow. I need to finish my development with ...b7 as soon as possible, especially considering I am already behind.} 8. Re1 {Slow.} (8. exd5 $142 Nxd5 9. c4 Nde7 10. b4 $1 Bb7 (10... cxb4 $2 11. d4 $1 $18) 11. b5 Nd4 12. Nxd4 Bxg2 13. Kxg2 Qxd4 14. Bb2 $16 {My opponent's pieces are more active and can be easily developed, his king is safe, and he has more space on the queenside. On the other hand, it will take many more moves for me to finish my development.}) 8... Bb7 9. a3 Be7 10. Nbd2 Qc7 11. c3 O-O-O $6 {[#]} 12. e5 (12. b4 g5 13. bxc5 Bxc5 14. Nb3 $16 {objectively White is better, but practically speaking, we are playing for three results.}) 12... Nd7 13. b4 g5 14. b5 {This is only a slight inaccuracy according to the engine; however, I think it is strategically much better to leave the pawn on b4 and maintain the tension.} Na5 15. h3 h5 (15... f5 $1 {enables me to improve my pieces.} 16. exf6 Bxf6 17. Bb2 Rde8 {editor - a super-tense position, with continuations like} 18. d4 e5 19. c4 $13) 16. Rb1 Rdg8 {[#]} 17. a4 $6 {is too slow. White needs to address Black's attack on the kingside.} (17. Nh2 {defends against my immediate threat of ...g4 and maintains a slight edge for White.}) 17... g4 18. hxg4 Rxg4 19. d4 Rg7 {To prepare ...h4 without having to worry about xh4, attacking my rook on g4.} 20. Nf1 h4 21. Bf4 Nf8 22. N1h2 {[#]} Nc4 {Is not a bad move but allows White to close the kingside with g4.} (22... hxg3 $142 23. fxg3 (23. Bxg3 Qd8 $19 {heading to g8.}) 23... Kb8 $17) 23. g4 $5 Ng6 24. Bc1 h3 25. Bh1 (25. Bf1 $15 {was a more active square for the bishop.}) 25... Kb8 26. g5 Nh4 27. Kf1 Qd8 {Loses the initiative to White's next.} (27... Nxf3 28. Nxf3 h2 {is the best way to maintain the attack.}) 28. Nxh4 Rxh4 29. f4 $1 {[#] Despite this awkward-looking structure, White's king is finally safe.} cxd4 30. cxd4 Ba3 31. Qf2 Qh8 {Not the right idea. Instead, ...gh7 was much better as it reactivates the rook and supports the h4 without removing the queen from a centralized position.} 32. Bxa3 Nxa3 33. Rb3 Nc4 34. Rc3 Rg8 35. Rd1 Rc8 36. Rdc1 $11 {[#]} a6 {Weakening White's queenside pawns without compromising my king safety.} 37. Qg3 Qh5 38. Ke1 Rh8 {[#]} 39. Qf3 ({editor - Here, and elsewhere, both sides have to consider exchange sacs on c4, which would turn the game from mostly maneuvering to sharp tactics:} 39. Rxc4 $5 dxc4 40. Bxb7 Kxb7 41. Rxc4 $8 {Threatening c3.} (41. bxa6+ $2 Kxa6 42. Rxc4 Qg6 $19) 41... Qg6 $132 ({Fighting for the c-file with} 41... Rc8 $4 {loses to the "steeplechase"} 42. bxa6+ Kb8 43. a7+ $18) 42. Qf3+ Kb8 $8 43. bxa6 Qb1+ 44. Kd2 Qb2+ 45. Kd3 (45. Ke3 $4 Qb3+ 46. Kf2 Rxf4 $8 $19) {Black has at least a draw with} 45... Qb3+ ({or can play on with} 45... Qg2 $5 46. Qe4 $1 $13) 46. Rc3 Qb1+ 47. Rc2 $1 Qb3+ $8 $11) 39... Qxf3 40. Rxf3 Bc8 {In order to reactivate the bishop to d7.} 41. Rc2 axb5 42. axb5 Bd7 {[#] White cannot protect the pawn on b5.} 43. Kf2 Bxb5 44. Kg3 Ba4 45. Rc1 R4h5 46. Rd3 (46. Ng4 {White needs to gain the exchange right away.} b5 47. Nh6 $11 {traps the rook on h5.}) 46... b5 47. Ng4 h2 48. Nh6 {[#]} b4 ({editor - SF18 claims that unnaturally self-pinning the  with} 48... Kc7 {is much better, but its reasons depend on "only moves" at the end of some tricky lines:} 49. Nxf7 Rh3+ 50. Kf2 (50. Kg2 Rxd3 51. Nxh8 Rxd4 52. Kg3 (52. g6 Rxf4 $8 $19) 52... Kd7 53. g6 Ne3 $8 $19 {hopping to f5.}) 50... Rxd3 51. Nxh8 Rxd4 52. g6 Rxf4+ $8 53. Kg3 Rf8 $8 $19) 49. Rb1 b3 50. Rdxb3+ Bxb3 51. Rxb3+ Kc7 {[#]} 52. Rc3 $2 {This move is just a waste of time, and it allows me to activate my king.} (52. Kg4 R5xh6 53. gxh6 Rxh6 54. Rh3 $15 {White is holding on.}) 52... Kb6 53. Kg4 R5xh6 54. gxh6 Rxh6 {[#]} 55. f5 ({editor - The game gets decided by the one tempo lost at move 52. Compared with the note at move 52 -- where the black king is on c7 -- here White loses after:} 55. Rh3 Rxh3 $8 56. Kxh3 Nd2 $1 {frees c4 and prevents f3-h5} 57. Kxh2 Kb5 $8 $19 {wins d4 while keeping the  shut down.} (57... Nb3 $2 58. Bf3 Nxd4 59. Bh5 $11)) 55... Nd2 56. Rc2 Ne4 57. fxe6 fxe6 {[#]} 58. Kf4 Kb5 59. Kf3 Kb4 60. Kg2 Nc3 61. Rf2 Ne4 62. Rc2 Kb3 63. Rc8 Rh4 64. Re8 Ng5 {[#]} 65. Kg3 ({editor -} 65. Rg8 Rg4+ 66. Kf2 Nh3+ $19) 65... Rxd4 66. Kxh2 Rg4 67. Bg2 Kc3 68. Ra8 d4 {[#]} 69. Kg1 Nf3+ 70. Kf2 Nxe5 71. Bh3 Re4 72. Rc8+ Kd2 73. Rd8 Nd3+ 74. Kf1 e5 75. Ra8 Re1+ {After White's last mistake, the conversion was relatively easy as White's bishop was too weak.} 0-1

[Event "Quebec Invitational"]
[Site "?"]
[Date "2025.08.16"]
[Round "3"]
[White "Ouellet, Maili-Jade"]
[Black "Lesiege, Alexandre"]
[Result "1-0"]
[Annotator "Maili-Jade Ouellet"]
[WhiteElo "2331"]
[BlackElo "2478"]
[WhiteFideId "-1"]
[BlackFideId "-1"]
[PlyCount "95"]
[GameId "2281270692021549"]
[EventDate "2025.??.??"]
[EventType "tourn"]
[SourceTitle "Chess Canada 25"]
[Source "JohnUpper?CFC"]
[SourceDate "2025.06.29"]
[SourceVersion "1"]
[SourceVersionDate "2026.07.01"]
[SourceQuality "1"]

{This is round 3 of the Quebec Invitational.} 1. d4 Nf6 2. c4 g6 3. Nc3 Bg7 4. e4 d6 5. h3 {[#] I did not expect the King's Indian at all and after some consideration, I opted for my usual line as I think it is very solid and safe even if your opponent is expecting it and is prepared for it.} Nbd7 6. Bd3 e5 7. d5 Nc5 8. Bc2 a5 {[#] Here White has different possible setups with either e3 or g5, as well as f3 or ge2.} 9. Nge2 O-O 10. Bg5 {I believe I opted for this one because I had not played it recently and perhaps to get my opponent out of his preparation.} c6 11. O-O h6 (11... Bd7 12. dxc6 Bxc6 13. f3 Ne6 14. Bh4 Qc7 $14 {was best.}) 12. Be3 cxd5 13. cxd5 Bd7 14. a4 {[#] Taking space on the queenside and shutting down any ...b5 counterplay for the moment.} Rc8 (14... Rb8 {followed by ...b5 was still Black's best plan.}) 15. Qd2 h5 16. Kh1 Qb6 17. Nc1 {With the idea to playing d3 and trading Black's strong and active knight on c5.} Qb4 18. f3 h4 19. Nd3 Nxd3 20. Bxd3 Nh5 {[#]} 21. Ne2 $6 {I should not be afraid of Black's counterplay and should instead keep the queens on the board.} (21. Rfc1 {activating the rook to an open file and simultaneously addressing the threat of ...g3+.} f5 22. Kh2 fxe4 23. Nxe4 $16) 21... Qxd2 22. Bxd2 b6 23. Be3 {[#]} Rc5 $6 {I was very shocked by this move. I thought there were simpler means of tackling the position, but I imagine my opponent opted for this, since he saw there was great potential for counterplay. Indeed, his exchange sacrifice is not all bad, although it does shift the evaluation of the position in my favour.} (23... Rb8 {is too passive and allows White to control the c-file.} 24. Rfc1 f5 25. Nc3 $16) ({editor - here, or on the previous move, Black could have tried the KID-standard ...f5. It looks awful to give up b6 and d6, but Black gets enough activity; e.g.} 23... f5 $142 24. Bxb6 Rb8 25. Bc7 (25. Bxa5 Rxb2 {threatening ...xe2.}) 25... fxe4 26. fxe4 Rxf1+ 27. Rxf1 Rxb2 28. Bxd6 Bxa4 $11 ({or} 28... Rxe2 $13 {would create the kind of unbalanced position where Black might hope to outplay White.})) 24. Bxc5 bxc5 25. Bb5 {[#] Black cannot take my bishop because it would open the file for my rook on a1 and seriously weaken the a5-pawn. In addition, it would allow me to create a passed b-pawn. As a result, my move activates my bishop to a better square while forcing Black to retreat to a worse square.} Bc8 (25... Bxb5 26. axb5 $18) 26. Ra3 {There is only one file open for my rook. As a result, I am heading to the b-file!} Bh6 27. Rd1 {Removing all possibilities for Black to reactivate his dark-squared bishop -- and block the b-file -- via d2.} f5 28. exf5 $6 {I should not have exchanged the pawns and allowed Black to activate his pieces. A move like c4 or b3 was the way to go. [#]  Critical Position As every-Russian-schoolboy knows...} gxf5 {editor - Not this time, Ivan! With a lot more pieces on this would definitely be the capture to make: controlling e4 and opening the g-file are both good for Black in the KID. But here Black doesn't have the pieces for an attack, and since ...xh3 is never in the cards his LSB has no good squares.} (28... Bxf5 $142 $11 {Black has excellent control on the kingside dark squares, and the f5 makes grabbing the b-file with b3 problematic.}) 29. Rb3 Bg5 30. Bc4 {Opens up the file for the rook, with good squares on b5, b6 and b8.} Bd7 31. Rb6 Bxa4 32. b3 Be8 33. Rxd6 e4 34. Re6 {[#] Opening the f-file by trading the pawns is unnecessary and ill-advised as it would give Black some counterplay and weaken my king.} Bf7 35. Re5 Ng7 36. d6 Bxc4 37. bxc4 Be3 38. fxe4 f4 39. Re7 Rd8 40. Rd5 Kf8 41. Ra7 Ne6 42. Nc3 {[#] Controlling the b1-square and removing all mating threats and possible perpetuals.} Nd4 43. Rh5 Kg8 44. e5 Rb8 45. d7 Rd8 46. Ne4 Ne2 ({editor -} 46... Rb8 {threatens mate, but} 47. Nf6+ {mates first.}) 47. e6 Kg7 48. Rb7 {I remove all forms of counterplay by preventing Black from activating his rook via the b-file. I am threatening to play e7, and Black cannot stop it.} 1-0